A matematika és filozófia határán
Elmentve itt :
| Szerző: | |
|---|---|
| Adatforrás: | Philobibl |
| Dokumentumtípus: | Könyv |
| Nyelv: | magyar |
| Kulcsszavak: | matematikai filozófia |
| Megjelent: |
Budapest
Gondolat
1968
|
| LEADER | 00330nam a2200121 c 4500 | ||
|---|---|---|---|
| 001 | bibPHI0036855 | ||
| 005 | 20200924123723.4 | ||
| 008 | 100222s1968 hu hun | ||
| 100 | 1 | |a Ruzsa Imre | |
| 245 | 1 | 2 | |a A matematika és filozófia határán |c Ruzsa Imre |
| 260 | |a Budapest |b Gondolat |c 1968 | ||
| 300 | |a 419 p. | ||
| 695 | |a matematikai filozófia | ||